000 00468nam a2200181Ia 4500
001 16994
005 20260306170352.0
008 260306t2016||||xx |||||||||||||| ||und||
041 _aESP
082 _a657.42
_bCH516B
100 _aChambergo Guillermo, Isidro
_eAUT
245 0 _aCostos para gerenciar organizaciones por sector económicos
260 _c2016
300 _a676 páginas :
_c25 cm.
650 _aGEN
654 _aCCO
942 _cLIB
_dJUS
_fJUS
_2ddc
_n
999 _c16994
_d16994